Statistics for 人口の少ない市町村ワースト100@2000年

Click here to take the quiz!

General Stats

  • This quiz has been taken 6 times
  • The average score is 29 of 100

Answer Stats

順位都道府県Answer人口% Correct
1東京都青ヶ島村203
100%
21島根県知夫村718
67%
16和歌山県北山村635
67%
30奈良県野迫川村783
67%
12高知県大川村569
67%
9岐阜県藤橋村502
67%
7新潟県粟島浦村449
67%
2愛知県富山村209
67%
5東京都御蔵島村308
67%
48沖縄県粟国村960
67%
44奈良県上北山村915
67%
73奈良県下北山村1,292
67%
33奈良県大塔村812
50%
55岡山県新庄村1,051
50%
57山梨県小菅村1,084
50%
25福井県和泉村752
50%
24長野県売木村741
50%
39山梨県丹波山村866
50%
80北海道音威子府村1,334
50%
88長野県根羽村1,380
50%
18沖縄県北大東村671
50%
3愛媛県別子山村277
50%
4東京都利島村302
50%
95沖縄県南大東村1,445
50%
8鹿児島県三島村500
50%
43福岡県大島村909
33%
54長崎県伊王島町1,035
33%
92富山県平村1,416
33%
91岡山県東粟倉村1,408
33%
61石川県白峰村1,186
33%
42長崎県高島町900
33%
62奈良県黒滝村1,194
33%
64長野県王滝村1,205
33%
67山口県川上村1,220
33%
86埼玉県神泉村1,374
33%
85山梨県三富村1,372
33%
68静岡県龍山村1,236
33%
83岐阜県荘川村1,345
33%
79北海道神恵内村1,325
33%
51岐阜県川上村1,017
33%
14山梨県芦安村613
33%
35長野県上村838
33%
20長野県平谷村712
33%
22沖縄県渡嘉敷村730
33%
26鹿児島県十島村756
33%
13山梨県芦川村590
33%
29長野県清内路村781
33%
6愛媛県魚島村334
33%
27福島県檜枝岐村757
33%
38愛媛県関前村865
33%
78高知県土佐山村1,323
17%
70愛媛県河辺村1,274
17%
40愛媛県面河村878
17%
74富山県井口村1,296
17%
10島根県布施村522
17%
11沖縄県渡名喜村523
17%
76北海道西興部村1,314
17%
96岐阜県河合村1,466
17%
49富山県上平村997
17%
19岡山県阿波村681
17%
90北海道白滝村1,405
17%
89石川県吉野谷村1,400
17%
17岐阜県坂内村663
17%
84愛媛県柳谷村1,348
17%
15和歌山県花園村614
17%
94愛知県豊根村1,420
17%
23石川県尾口村731
17%
98宮崎県西米良村1,480
17%
59愛媛県広田村1,114
17%
52長野県北相木村1,025
17%
53沖縄県座間味村1,026
17%
36岡山県富村851
17%
32岡山県中和村801
17%
56富山県利賀村1,083
17%
31長野県浪合村793
17%
58長野県奈川村1,107
17%
60岐阜県宮川村1,178
17%
66福岡県小石原村1,219
17%
28高知県本川村759
17%
63高知県馬路村1,195
17%
46岡山県上齋原村948
17%
64石川県河内村1,205
17%
71長野県美麻村1,282
17%
97熊本県須恵村1,471
0%
99岐阜県久瀬村1,511
0%
93徳島県美郷村1,417
0%
41鹿児島県鹿島村892
0%
87山口県本郷村1,375
0%
81大分県中津江村1,338
0%
81沖縄県多良間村1,338
0%
76徳島県木屋平村1,314
0%
75大分県上津江村1,308
0%
72広島県筒賀村1,291
0%
69長野県八坂村1,257
0%
34岐阜県高根村814
0%
50岐阜県串原村1,007
0%
47徳島県木沢村957
0%
45群馬県中里村941
0%
37広島県吉和村853
0%
100北海道赤井川村1,512
0%

Score Distribution

Percentile by Number Answered

Percent of People with Each Score

Your Score History

You have not taken this quiz